000 01118nam0a22002411 4500
001 rc\2996723
005 20250530005516.0
035 _a(NLR Aleph) 007140395
090 _a7049606
_c7049606
100 _a20110917d1940 |||y0rusy50 ca
101 0 _arus
102 _aRU
105 _aa z |||||
200 1 _aСокращенная подготовка данных для стрельбы из 76 м/м полковых пушек обр. 1927 г.
_fСост. полковник С. Жужиашвили по правилам стрельбы Н.А. и полным таблицам стрельбы № 111-38 г. для прицелов, нарезанными по старым таблицам стрельбы
210 _a[Ростов н/Д]
_cРостовск. артиллейск. училище
_d1940
215 _a12 с.
_cтабл.
_d20 см
300 _aПеред загл.: Учебное пособие для курсантов РАУ
700 1 _aЖужиашвили
_bС.
801 0 _aRU
_bNLR
_gpsbo
801 1 _aRU
_bELAR
_2rusmarc
852 _aNLR
_jВ60 В-4/5
942 _cBOOK
980 _aNB